[Event "Adygea rapid op"]
[Site "Maikop"]
[Date "2019.05.03"]
[Round "7"]
[White "Bondarev, Boris"]
[Black "Korsun, Vladimir"]
[Result "1-0"]
[WhiteElo "1968"]
[BlackElo "1604"]
[PlyCount "80"]
[EventDate "2019.05.02"]
[EventType "swiss (rapid)"]
[EventRounds "9"]
[EventCountry "RUS"]
[SourceTitle "CBM 190 Extra"]
[Source "ChessBase"]
[SourceDate "2019.07.15"]
[SourceVersion "1"]
[SourceVersionDate "2019.07.15"]
[SourceQuality "1"]

1. e4 d5 2. exd5 c6 3. dxc6 e5 4. Qh5 Nxc6 5. Bb5 Nf6 6. Qxe5+ Be7 7. Bxc6+ bxc6 8. Nf3 Bg4 9. Qc3 0-0 10. Ne5 Nd5 11. Qg3 Be2 12. Kxe2 Bd6 13. d4 f6 14. c4 Nb4 15. c5 fxe5 16. cxd6 exd4 17. Rd1 d3+ 18. Kf1 Nc2 19. Bg5 Qd7 20. Qxd3 Nxa1 21. Nc3 Rf5 22. Bh4 h5 23. Rxa1 g5 24. Re1 Qh7 25. Qc4+ Qf7 26. Qxc6 Rf8 27. f3 gxh4 28. Re7 Qg6 29. Qc4+ Kh8 30. Qd4+ Qf6 31. Qxf6+ R5xf6 32. Ne4 R6f7 33. Re5 Rf5 34. Re6 h3 35. d7 hxg2+ 36. Kxg2 Rd5 37. Nd6 Kg7 38. Re7+ Kf6 39. Re8 Rg5+ 40. Kf2 Rf7 1-0

[Event "Adygea rapid op"]
[Site "Maikop"]
[Date "2019.05.03"]
[Round "8"]
[White "Shibaev, Fyodor"]
[Black "Bondarev, Boris"]
[Result "1-0"]
[WhiteElo "2289"]
[BlackElo "1968"]
[PlyCount "149"]
[EventDate "2019.05.02"]
[EventType "swiss (rapid)"]
[EventRounds "9"]
[EventCountry "RUS"]
[SourceTitle "CBM 190 Extra"]
[Source "ChessBase"]
[SourceDate "2019.07.15"]
[SourceVersion "1"]
[SourceVersionDate "2019.07.15"]
[SourceQuality "1"]

1. f4 e5 2. fxe5 d6 3. Nf3 dxe5 4. Nc3 Nc6 5. e3 Bg4 6. Be2 f5 7. d4 exd4 8. exd4 Bxf3 9. Bxf3 Nxd4 10. Bxb7 Rb8 11. Bd5 Bc5 12. Be3 Qe7 13. Kf2 Nxc2 14. Qxc2 Qxe3+ 15. Kf1 Qf4+ 16. Bf3 Ne7 17. Nd5 Nxd5 18. Qxc5 Ne3+ 19. Kg1 Kf7 20. Bd5+ Nxd5 21. Qxd5+ Kf6 22. Rf1 Qe3+ 23. Rf2 g6 24. Qd2 Qc5 25. Qc2 Qb6 26. g3 Rhe8 27. Qc3+ Kf7 28. Kg2 Qe6 29. b3 Qe4+ 30. Qf3 Ke6 31. Rc1 Re7 32. Rfc2 Rc8 33. Rc6+ Kd7 34. Qxe4 Rxe4 35. Kf3 g5 36. Rh6 g4+ 37. Kf2 Re7 38. Rd1+ Ke8 39. Rf6 Re5 40. Rh6 Rd8 41. Rxd8+ Kxd8 42. Rxh7 Kc8 43. b4 Kb7 44. Rh6 c6 45. Rd6 Kb6 46. a3 Kb5 47. Rd3 Rd5 48. Rc3 Re5 49. Rc2 Kb6 50. Rc4 a5 51. bxa5+ Rxa5 52. a4 Re5 53. Rb4+ Ka5 54. Rc4 c5 55. Kf1 Kb6 56. Rf4 Kc6 57. Kg2 Kd5 58. h4 gxh3+ 59. Kxh3 c4 60. a5 c3 61. a6 c2 62. a7 Re8 63. Rxf5+ Kd4 64. Rf1 Rh8+ 65. Kg4 Ra8 66. Kg5 Rxa7 67. g4 Kd3 68. Kh6 Ra6+ 69. Kh7 Rb6 70. Rc1 Rb1 71. Rxc2 Kxc2 72. g5 Kd3 73. g6 Rh1+ 74. Kg8 Ke4 75. g7 1-0

[Event "Adygea rapid op"]
[Site "Maikop"]
[Date "2019.05.02"]
[Round "3"]
[White "Bondarev, Boris"]
[Black "Kozlenko, Daniil"]
[Result "1-0"]
[WhiteElo "1968"]
[BlackElo "1454"]
[PlyCount "73"]
[EventDate "2019.05.02"]
[EventType "swiss (rapid)"]
[EventRounds "9"]
[EventCountry "RUS"]
[SourceTitle "CBM 190 Extra"]
[Source "ChessBase"]
[SourceDate "2019.07.15"]
[SourceVersion "1"]
[SourceVersionDate "2019.07.15"]
[SourceQuality "1"]

1. e4 e6 2. c4 d5 3. exd5 exd5 4. cxd5 Qxd5 5. Nc3 Qd8 6. Bc4 Nf6 7. Nf3 Bg4 8. 0-0 Be7 9. Bxf7+ Kxf7 10. Ne5+ Ke8 11. Nxg4 Rf8 12. Re1 Nc6 13. Nxf6+ Rxf6 14. Qh5+ Kf8 15. Qxh7 Rh6 16. Qf5+ Bf6 17. Qc5+ Be7 18. Qd5 Rd6 19. Qe4 Kg8 20. Nb5 Rf6 21. d4 Bb4 22. Bg5 Bxe1 23. Rxe1 a6 24. Bxf6 gxf6 25. Qg6+ Kf8 26. Re6 axb5 27. Rxf6+ Qxf6 28. Qxf6+ Kg8 29. h4 Re8 30. h5 Re7 31. d5 Re1+ 32. Kh2 Ne5 33. Kg3 Nd7 34. Qg5+ Kf7 35. h6 Re5 36. Qg7+ Ke8 37. h7 1-0

[Event "Sochi Amateur op 6th"]
[Site "Sochi"]
[Date "2019.04.12"]
[Round "8"]
[White "Solovyev, Artem"]
[Black "Bondarev, Boris"]
[Result "0-1"]
[WhiteElo "2155"]
[BlackElo "1923"]
[PlyCount "100"]
[EventDate "2019.04.07"]
[EventType "swiss"]
[EventRounds "9"]
[EventCountry "RUS"]
[SourceTitle "CBM 189 Extra"]
[Source "ChessBase"]
[SourceDate "2019.06.03"]
[SourceVersion "1"]
[SourceVersionDate "2019.06.03"]
[SourceQuality "1"]

1. e4 e5 2. Nf3 Nc6 3. Bc4 Bc5 4. c3 Nf6 5. d3 d6 6. a4 a6 7. 0-0 0-0 8. Nbd2 Be6 9. a5 h6 10. Re1 Ng4 11. Re2 Bxc4 12. Nxc4 f5 13. d4 exd4 14. cxd4 Ba7 15. Qd3 fxe4 16. Qxe4 Nf6 17. Qd3 Qd7 18. Bd2 Qg4 19. h3 Qh5 20. Rae1 Rf7 21. Ne3 d5 22. Qb3 Nxd4 23. Nxd4 Bxd4 24. Qxb7 Raf8 25. Bc3 Bxe3 26. Rxe3 Ne4 27. f3 Ng5 28. Qxa6 c5 29. Be5 d4 30. R3e2 Rxf3 31. Qc4+ Kh8 32. Qd5 d3 33. Rd2 Rxh3 34. Bxg7+ Kh7 35. Bxf8 Nf3+ 36. Qxf3 Rxf3 37. gxf3 Qf5 38. Bd6 Qg6+ 39. Kf2 Qxd6 40. Re4 Qd5 41. a6 c4 42. a7 Qc5+ 43. Kf1 Qxa7 44. Rxc4 Qf7 45. Rc3 Qxf3+ 46. Kg1 Qe3+ 47. Rf2 Qd4 48. Rc1 d2 49. Rc7+ Kg6 50. Rc6+ Kg5 0-1

[Event "Sochi Amateur op 6th"]
[Site "Sochi"]
[Date "2019.04.08"]
[Round "2"]
[White "Alikhanyan, Zorik"]
[Black "Bondarev, Boris"]
[Result "0-1"]
[WhiteElo "1461"]
[BlackElo "1923"]
[PlyCount "150"]
[EventDate "2019.04.07"]
[EventType "swiss"]
[EventRounds "9"]
[EventCountry "RUS"]
[SourceTitle "CBM 189 Extra"]
[Source "ChessBase"]
[SourceDate "2019.06.03"]
[SourceVersion "1"]
[SourceVersionDate "2019.06.03"]
[SourceQuality "1"]

1. d4 d5 2. c4 Nc6 3. e3 e5 4. dxe5 Bb4+ 5. Bd2 dxc4 6. Bxc4 Bxd2+ 7. Qxd2 Qh4 8. Be2 Nxe5 9. Nf3 Nxf3+ 10. Bxf3 Nf6 11. Nc3 0-0 12. 0-0 c6 13. h3 Be6 14. Rfd1 Qg5 15. Kh1 Nd7 16. Be2 Nc5 17. Qc1 Qe5 18. b4 Nd7 19. Rd4 c5 20. bxc5 Nxc5 21. Qd2 Rac8 22. Bf3 Qf6 23. Rd1 Bxh3 24. Rf4 Qh6 25. gxh3 Ne6 26. Bg2 Nxf4 27. exf4 Qh4 28. Qe3 Rfe8 29. Qd2 Rcd8 30. Nd5 Kh8 31. Kg1 Rd6 32. Kf1 Qh5 33. Re1 Red8 34. Re5 Qh4 35. Qe3 Rf8 36. Re8 Rd8 37. Rxf8+ Rxf8 38. Qxa7 Qh5 39. Kg1 b5 40. Qb7 Qd1+ 41. Kh2 Qd2 42. Kg1 Qxa2 43. Qxb5 h6 44. Qd7 Qa1+ 45. Kh2 Qe1 46. Kg3 Qe8 47. Qd6 Qd8 48. Qxd8 Rxd8 49. Ne3 g6 50. Ng4 Rd3+ 51. Bf3 Kg7 52. Ne5 Rc3 53. Ng4 g5 54. fxg5 hxg5 55. Ne3 Rc5 56. h4 gxh4+ 57. Kxh4 Kf6 58. Kg4 Ke5 59. Kg5 Rc8 60. Ng4+ Ke6 61. Kf4 Rc4+ 62. Kg3 f5 63. Ne3 f4+ 64. Kg2 fxe3 65. fxe3 Rc2+ 66. Kg3 Ke5 67. Kg4 Rc3 68. e4 Rc8 69. Kg3 Rg8+ 70. Kf2 Kf4 71. Bg2 Ra8 72. Kg1 Kg3 73. e5 Ra1+ 74. Bf1 Re1 75. e6 Rxe6 0-1

[Event "Sochi Amateur op 6th"]
[Site "Sochi"]
[Date "2019.04.07"]
[Round "1"]
[White "Bondarev, Boris"]
[Black "Gharagyozyan, Artur"]
[Result "0-1"]
[WhiteElo "1923"]
[BlackElo "2298"]
[PlyCount "56"]
[EventDate "2019.04.07"]
[EventType "swiss"]
[EventRounds "9"]
[EventCountry "RUS"]
[SourceTitle "CBM 189 Extra"]
[Source "ChessBase"]
[SourceDate "2019.06.03"]
[SourceVersion "1"]
[SourceVersionDate "2019.06.03"]
[SourceQuality "1"]

1. e4 c5 2. Nf3 e6 3. c4 d6 4. d4 cxd4 5. Nxd4 Nf6 6. Nc3 Be7 7. g4 0-0 8. g5 Nfd7 9. h4 Nc6 10. Nxc6 bxc6 11. g6 fxg6 12. h5 g5 13. h6 g6 14. Be3 Ne5 15. Be2 c5 16. Qd2 Ba6 17. b3 Rb8 18. Rg1 Nf3+ 19. Bxf3 Rxf3 20. Nd1 Bb7 21. Qe2 Bxe4 22. Bxg5 d5 23. Bxe7 Qxe7 24. Ne3 Rbf8 25. Ng4 Qg5 26. Qd2 R8f4 27. 0-0-0 Rd3 28. Ne3 Qe5 0-1

[Event "Sochi ChessAmateur op10"]
[Site "Sochi"]
[Date "2018.10.18"]
[Round "9"]
[White "Koshevarov, Alexander"]
[Black "Bondarev, Boris"]
[Result "1/2-1/2"]
[WhiteElo "2030"]
[BlackElo "1849"]
[PlyCount "37"]
[EventDate "2018.10.12"]
[EventType "swiss"]
[EventRounds "9"]
[EventCountry "RUS"]
[SourceTitle "CBM 187 Extra"]
[Source "ChessBase"]
[SourceDate "2018.11.04"]
[SourceVersion "1"]
[SourceVersionDate "2018.11.04"]
[SourceQuality "1"]

1. e4 c5 2. Nf3 b6 3. d4 cxd4 4. Nxd4 g6 5. Nc3 Bg7 6. Be3 Bb7 7. Qd2 Nc6 8. 0-0-0 Rc8 9. f3 a6 10. Nxc6 Rxc6 11. Nd5 b5 12. Kb1 Nf6 13. c4 bxc4 14. Qb4 c3 15. Nxc3 Qc7 16. e5 Rxc3 17. Qxc3 Qxc3 18. bxc3 Nd5 19. Bd4 1/2-1/2

[Event "Yuzhny FO-ch op"]
[Site "Armavir"]
[Date "2015.02.??"]
[Round "7"]
[White "Bondarev, Boris"]
[Black "Levchuk, Liudmila"]
[Result "1-0"]
[WhiteElo "1955"]
[BlackElo "1750"]
[PlyCount "71"]
[EventDate "2015.02.13"]
[EventType "swiss"]
[EventRounds "9"]
[EventCountry "RUS"]
[SourceTitle "CBM 165 Extra"]
[Source "ChessBase"]
[SourceDate "2015.04.21"]
[SourceVersion "1"]
[SourceVersionDate "2015.04.21"]
[SourceQuality "1"]

1. e4 c5 2. a3 Nc6 3. b4 cxb4 4. axb4 Nxb4 5. c3 Nc6 6. d4 d6 7. f4 Bd7 8. d5 Na5 9. Nf3 b6 10. Ba6 Rb8 11. 0-0 Qc7 12. e5 Nb7 13. Ng5 Nc5 14. Be3 Nh6 15. e6 fxe6 16. dxe6 Nxe6 17. Qd5 Nd8 18. Bd3 e6 19. Qa2 a5 20. Bxh7 Rxh7 21. Nxh7 Nf5 22. Bf2 Be7 23. Qc2 Nf7 24. Nd2 Bf6 25. Ne4 Bh4 26. g3 Be7 27. Rfe1 Qc4 28. Rad1 d5 29. Neg5 Nxg5 30. Nxg5 Bxg5 31. Qxf5 Bf6 32. Rxe6+ Kf7 33. Rxf6+ gxf6 34. Qxd7+ Kg6 35. Rxd5 Qe2 36. Qf5+ 1-0

[Event "Yuzhny FO-ch op"]
[Site "Armavir"]
[Date "2015.02.??"]
[Round "2"]
[White "Bondarev, Boris"]
[Black "Lindenbaum, Viktor"]
[Result "1-0"]
[WhiteElo "1955"]
[BlackElo "2056"]
[PlyCount "73"]
[EventDate "2015.02.13"]
[EventType "swiss"]
[EventRounds "9"]
[EventCountry "RUS"]
[SourceTitle "CBM 165 Extra"]
[Source "ChessBase"]
[SourceDate "2015.04.21"]
[SourceVersion "1"]
[SourceVersionDate "2015.04.21"]
[SourceQuality "1"]

1. d4 d5 2. c4 e6 3. Nc3 c6 4. e4 dxe4 5. Nxe4 Bb4+ 6. Nc3 Nf6 7. a3 Bxc3+ 8. bxc3 Qa5 9. Qc2 0-0 10. Nf3 Ne4 11. Bd3 Qxc3+ 12. Qxc3 Nxc3 13. Bc2 b5 14. Bd2 Na4 15. cxb5 Nb6 16. a4 Nd5 17. 0-0 cxb5 18. axb5 Nd7 19. Ra2 N7b6 20. Bd3 Bb7 21. Rfa1 Nc8 22. Ng5 h6 23. Ne4 Ndb6 24. Ra3 Bd5 25. Bb4 Rd8 26. Bc5 Rb8 27. Nd2 Rb7 28. f3 Rbd7 29. f4 g6 30. Ne4 Kg7 31. Nc3 Bb7 32. Rxa7 Nxa7 33. Bxb6 Nc8 34. Bxd8 Rxd4 35. Be4 Bxe4 36. Bc7 Bb7 37. Be5+ 1-0

[Event "Yuzhny FO-ch op"]
[Site "Armavir"]
[Date "2015.02.??"]
[Round "8"]
[White "Bondarev, Boris"]
[Black "Nikolaev, Valerij"]
[Result "1-0"]
[WhiteElo "1955"]
[BlackElo "1779"]
[PlyCount "131"]
[EventDate "2015.02.13"]
[EventType "swiss"]
[EventRounds "9"]
[EventCountry "RUS"]
[SourceTitle "CBM 165 Extra"]
[Source "ChessBase"]
[SourceDate "2015.04.21"]
[SourceVersion "1"]
[SourceVersionDate "2015.04.21"]
[SourceQuality "1"]

1. e4 e6 2. c4 d6 3. d4 Nd7 4. Nf3 Be7 5. Nc3 a6 6. Bd3 c5 7. 0-0 b6 8. Bf4 Bb7 9. e5 Bxf3 10. Qxf3 cxd4 11. exd6 Bf6 12. Ne4 e5 13. Bg3 Rc8 14. Qe2 Nh6 15. f4 0-0 16. Nxf6+ gxf6 17. Qh5 Kg7 18. fxe5 fxe5 19. Bxe5+ Nxe5 20. Qxe5+ f6 21. Qe4 Rh8 22. Rf3 Qxd6 23. Rg3+ Kf8 24. Rf1 Re8 25. Qh4 Ng8 26. Rg4 Re6 27. Rxd4 Qc5 28. Kh1 Rd6 29. Rxd6 Qxd6 30. Bc2 h5 31. Bb3 Rh6 32. Rd1 Qe5 33. Qf2 Ne7 34. Qxb6 Rg6 35. Qb7 f5 36. Qf3 Qxb2 37. Rg1 h4 38. h3 Qe5 39. Qh5 Qf6 40. Rd1 Nc6 41. Qf3 Rg3 42. Qd5 Ne5 43. c5 f4 44. Qa8+ Kg7 45. Rd6 Qf8 46. Qxf8+ Kxf8 47. Rf6+ Kg7 48. Rxf4 Nd3 49. Rxh4 Nxc5 50. Kh2 Re3 51. Rc4 Nxb3 52. axb3 Rxb3 53. Rc7+ Kf8 54. h4 Kg8 55. g3 a5 56. Kh3 a4 57. h5 Rb1 58. Kg4 a3 59. Ra7 Ra1 60. Kg5 a2 61. g4 Kf8 62. h6 Ke8 63. h7 Rh1 64. Kf6 a1Q+ 65. Rxa1 Rxa1 66. h8Q+ 1-0

[Event "Krasnodar Winter op"]
[Site "Krasnodar"]
[Date "2014.12.21"]
[Round "6"]
[White "Frolov, Oleg"]
[Black "Bondarev, Boris"]
[Result "0-1"]
[WhiteElo "1766"]
[BlackElo "1955"]
[PlyCount "54"]
[EventDate "2014.12.17"]
[EventType "swiss"]
[EventRounds "9"]
[EventCountry "RUS"]
[SourceTitle "CBM 164 Extra"]
[Source "ChessBase"]
[SourceDate "2015.03.02"]
[SourceVersion "1"]
[SourceVersionDate "2015.03.02"]
[SourceQuality "1"]

1. e4 e5 2. Nc3 c6 3. Bc4 Nf6 4. Nf3 d5 5. exd5 e4 6. dxc6 exf3 7. Qxf3 Nxc6 8. 0-0 Be7 9. Ne4 0-0 10. Ng5 Ne5 11. Qb3 Nfg4 12. Ne4 Qc7 13. f3 Bc5+ 14. Kh1 Nxf3 15. g3 Nfe5 16. Bd5 Be6 17. d3 Bxd5 18. Qxd5 Bb6 19. Qb3 Qc6 20. Bf4 Rae8 21. Kg2 Kh8 22. Kh3 Qg6 23. Kg2 f5 24. Ng5 Qc6+ 25. Nf3 Nxf3 26. Rxf3 Re2+ 27. Kf1 Qxf3# 0-1

[Event "Dvorkovich Memorial op-B 9th"]
[Site "Taganrog"]
[Date "2014.08.10"]
[Round "9"]
[White "Grachev, Andrey"]
[Black "Bondarev, Boris"]
[Result "1-0"]
[WhiteElo "2010"]
[BlackElo "1981"]
[PlyCount "77"]
[EventDate "2014.08.02"]
[EventType "swiss"]
[EventRounds "9"]
[EventCountry "RUS"]
[SourceTitle "CBM 162 Extra"]
[Source "ChessBase"]
[SourceDate "2014.10.17"]
[SourceVersion "1"]
[SourceVersionDate "2014.10.17"]
[SourceQuality "1"]

1. e4 e5 2. Nf3 Nc6 3. Bc4 Nf6 4. Ng5 d5 5. exd5 Na5 6. Bb5+ c6 7. dxc6 bxc6 8. Bd3 Nd5 9. Ne4 Nf4 10. 0-0 f5 11. Ng3 Qd5 12. f3 Bc5+ 13. Kh1 Nxd3 14. cxd3 h5 15. Nc3 Qxd3 16. Qa4 h4 17. Nge2 Nb7 18. Qxc6+ Kf8 19. h3 Rh6 20. Qd5 Qxd5 21. Nxd5 Rd6 22. Nec3 Nd8 23. b4 Bd4 24. Rb1 Rb8 25. b5 Bc5 26. a4 Be6 27. Nc7 Bc4 28. Re1 Rc8 29. Na6 Bd3 30. Ra1 Bd4 31. Ba3 Nf7 32. Bxd6+ Nxd6 33. Nb4 Bc4 34. Nc6 Bxc3 35. dxc3 e4 36. fxe4 Nxe4 37. Nxa7 Ra8 38. b6 Bd5 39. a5 1-0

[Event "Dvorkovich Memorial op-B 9th"]
[Site "Taganrog"]
[Date "2014.08.09"]
[Round "8"]
[White "Bondarev, Boris"]
[Black "Ermoshkina, Ekaterina"]
[Result "1-0"]
[WhiteElo "1981"]
[BlackElo "1757"]
[PlyCount "99"]
[EventDate "2014.08.02"]
[EventType "swiss"]
[EventRounds "9"]
[EventCountry "RUS"]
[SourceTitle "CBM 162 Extra"]
[Source "ChessBase"]
[SourceDate "2014.10.17"]
[SourceVersion "1"]
[SourceVersionDate "2014.10.17"]
[SourceQuality "1"]

1. e4 c6 2. Nf3 d6 3. d4 Nf6 4. Nc3 g6 5. Bg5 Bg7 6. e5 dxe5 7. dxe5 Nd5 8. Bc4 Be6 9. 0-0 0-0 10. Ne4 Nd7 11. Re1 Nxe5 12. Nxe5 Bxe5 13. Nc5 Qc7 14. Nxe6 fxe6 15. g3 Bxb2 16. Rb1 Bf6 17. Bh6 Rf7 18. Qg4 e5 19. h4 Bg7 20. Bxg7 Kxg7 21. Qe6 Qd6 22. Qxe5+ Qf6 23. Rxb7 a5 24. Bxd5 cxd5 25. Rxe7 Ra6 26. Rxf7+ Kxf7 27. Qc7+ Kf8 28. Rb1 Ra8 29. Qxh7 Re8 30. Qh6+ Qg7 31. Qxg7+ Kxg7 32. Rb5 Re1+ 33. Kg2 Re2 34. Rxd5 Rxc2 35. Rxa5 Kf6 36. Ra8 Kf5 37. a4 Ra2 38. a5 Kf6 39. a6 Kg7 40. g4 Ra4 41. Kg3 Ra3+ 42. f3 Ra4 43. Ra7+ Kg8 44. g5 Kf8 45. f4 Ra3+ 46. Kg4 Ra5 47. h5 gxh5+ 48. Kxh5 Kg8 49. Kg6 Kf8 50. f5 1-0

[Event "Golubitskaya op"]
[Site "Golubitskaya"]
[Date "2014.06.30"]
[Round "9"]
[White "Bondarev, Boris"]
[Black "Porozhniak, Maya"]
[Result "0-1"]
[WhiteElo "2020"]
[BlackElo "1742"]
[PlyCount "48"]
[EventDate "2014.06.21"]
[EventType "swiss"]
[EventRounds "9"]
[EventCountry "RUS"]
[SourceTitle "EXT 2015"]
[Source "ChessBase"]
[SourceDate "2014.11.20"]
[SourceVersion "1"]
[SourceVersionDate "2014.11.20"]
[SourceQuality "1"]

1. e4 c5 2. Nf3 e6 3. c3 d5 4. Bb5+ Bd7 5. Bxd7+ Qxd7 6. exd5 Qxd5 7. 0-0 Nf6 8. d4 Nc6 9. Qa4 0-0-0 10. c4 Qh5 11. dxc5 Bxc5 12. a3 Ne5 13. Nxe5 Qxe5 14. Nd2 Ng4 15. Nf3 Qe2 16. Bf4 Nxf2 17. b4 Nh3+ 18. Kh1 Nxf4 19. Nh4 Bf2 20. c5 g5 21. Qxa7 Bxh4 22. Qa8+ Kc7 23. Qa5+ Kb8 24. Rg1 Nd3 0-1

[Event "Golubitskaya op"]
[Site "Golubitskaya"]
[Date "2014.06.24"]
[Round "4"]
[White "Birjukov, Sergey"]
[Black "Bondarev, Boris"]
[Result "1-0"]
[WhiteElo "2219"]
[BlackElo "2020"]
[PlyCount "93"]
[EventDate "2014.06.21"]
[EventType "swiss"]
[EventRounds "9"]
[EventCountry "RUS"]
[SourceTitle "EXT 2015"]
[Source "ChessBase"]
[SourceDate "2014.11.20"]
[SourceVersion "1"]
[SourceVersionDate "2014.11.20"]
[SourceQuality "1"]

1. d4 Nf6 2. c4 b6 3. Nc3 Bb7 4. Qc2 e6 5. e4 Bb4 6. Bd3 0-0 7. Nge2 d5 8. cxd5 exd5 9. e5 Ne4 10. f3 c5 11. 0-0 cxd4 12. Nb5 Nc5 13. Bxh7+ Kh8 14. a3 d3 15. Bxd3 Nxd3 16. Qxd3 Bc5+ 17. Be3 Ba6 18. a4 Nc6 19. Bxc5 bxc5 20. f4 Kg8 21. Rad1 Nb4 22. Qg3 Bxb5 23. axb5 f5 24. Rf3 Rb8 25. Ra3 Qb6 26. Kh1 d4 27. Ng1 Rb7 28. Qb3+ Rff7 29. Nf3 Qxb5 30. Ng5 d3 31. Qe6 Qb6 32. Qc4 a6 33. Rc3 Rbc7 34. Rcxd3 Nxd3 35. Rxd3 Rce7 36. h3 g6 37. Rd6 Qb5 38. Rxg6+ Kf8 39. Qxb5 axb5 40. Nxf7 Rxf7 41. Rc6 c4 42. Rb6 Rd7 43. Rxb5 Rd4 44. g3 Rd1+ 45. Kg2 Rb1 46. Rb4 Rc1 47. g4 1-0

[Event "Krasnodar Region-ch"]
[Site "Krasnodar"]
[Date "2012.10.03"]
[Round "2"]
[White "Bondarev, Boris"]
[Black "Kashirin, Ivan"]
[Result "1-0"]
[WhiteElo "1986"]
[BlackElo "1830"]
[PlyCount "41"]
[EventDate "2012.10.02"]
[EventType "swiss"]
[EventRounds "9"]
[EventCountry "RUS"]
[SourceTitle "EXT 2013"]
[Source "ChessBase"]
[SourceDate "2012.11.22"]
[SourceVersion "1"]
[SourceVersionDate "2012.11.22"]
[SourceQuality "1"]

1. e4 e5 2. Bc4 Nf6 3. d3 Nc6 4. Nf3 d5 5. exd5 Nxd5 6. Ng5 Nce7 7. Nc3 c6 8. 0-0 h6 9. Nge4 Nxc3 10. bxc3 Nd5 11. f4 exf4 12. Bxf4 Be6 13. Be5 Qd7 14. Bd4 b5 15. Bb3 0-0-0 16. a4 f5 17. axb5 Nb6 18. Rxa7 Qxa7 19. Bxe6+ Kb7 20. Rxf5 Re8 21. Bd7 1-0